Online Catalogue and eLibrary

Emancipations, modern and postmodern / (Record no. 453)

MARC details
000 -LEADER
fixed length control field 00900cam a2200265 a 4500
001 - CONTROL NUMBER
control field 3925650
005 - DATE AND TIME OF LATEST TRANSACTION
control field 20240221044241.0
008 - FIXED-LENGTH DATA ELEMENTS--GENERAL INFORMATION
fixed length control field 930112s1992 enk b 000 0 eng
020 ## - INTERNATIONAL STANDARD BOOK NUMBER
ISBN 0803987773 (cased)
020 ## - INTERNATIONAL STANDARD BOOK NUMBER
ISBN 0803987811 (pbk.) :
040 ## - CATALOGING SOURCE (பட்டியலாக்க மூலம்)
Original cataloging agency DLC
Transcribing agency DLC
Modifying agency DLC
082 00 - DDC Classification
Class No. 322.
DDC Edition Number 20
Item Number - Author Mark EMA.
245 00 - TITLE STATEMENT
Title Emancipations, modern and postmodern /
Statement of responsibility, etc. edited by Jan Nederveen Pieterse.
260 ## - PUBLICATION, DISTRIBUTION, ETC.
Place of publication, distribution, etc. London ;
-- Newbury Park, Calif. :
Name of publisher, distributor, etc. Sage,
Date of publication, distribution, etc. 1992.
300 ## - PHYSICAL DESCRIPTION
Extent (e.g. Volumes, Pages etc.) 324 p. ;
500 ## - GENERAL NOTE
General note Originally published in volume 23, issue 3 of Development and change.
650 #0 - SUBJECT ADDED ENTRY--TOPICAL TERM
Topical term or geographic name entry element Social change.
650 #0 - SUBJECT ADDED ENTRY--TOPICAL TERM
Topical term or geographic name entry element Social movements.
650 #0 - SUBJECT ADDED ENTRY--TOPICAL TERM
Topical term or geographic name entry element Liberty.
650 #0 - SUBJECT ADDED ENTRY--TOPICAL TERM
Topical term or geographic name entry element Political participation.
700 2# - ADDED ENTRY--PERSONAL NAME
Personal name Nederveen Pieterse, Jan.
Relator term (Role) Editor
856 42 - ELECTRONIC LOCATION AND ACCESS
Uniform Resource Identifier <a href="http://www.loc.gov/catdir/enhancements/fy0656/92050450-d.html">http://www.loc.gov/catdir/enhancements/fy0656/92050450-d.html</a>
856 41 - ELECTRONIC LOCATION AND ACCESS
Uniform Resource Identifier <a href="http://www.loc.gov/catdir/enhancements/fy0656/92050450-t.html">http://www.loc.gov/catdir/enhancements/fy0656/92050450-t.html</a>
942 ## - Koha item type (Biblio)
Koha item type Books in Stacks (Lending)
Holdings
Lost status Damaged status Collection code Home library Current library Date acquired Full call number Accession Number Item type
    Lending WERC Library WERC Library 02/21/2024 322. EMA. 3386 Books in Stacks (Lending)

© WERC Library